LIBRARY & INFORMATION CENTRE, KCAET, TAVANUR

ONLINE PUBLIC ACCESS CATALOGUE (OPAC)

Silage and hay making / (Record no. 1641)

MARC details
000 -LEADER
fixed length control field 00455cam a2200181ua 4500
041 ## - LANGUAGE CODE
Language code of text/sound track or separate title eng
082 ## - DEWEY DECIMAL CLASSIFICATION NUMBER
Classification number 636.0855
Item number CHA/SI
100 ## - MAIN ENTRY--AUTHOR NAME
Personal name Chatterjee, B.N .
245 ## - TITLE STATEMENT
Title Silage and hay making /
260 ## - PUBLICATION, DISTRIBUTION, ETC. (IMPRINT)
Place of publication :
Name of publisher Indian Council for Agricultural Research ,
Year of publication 1981.
300 ## - PHYSICAL DESCRIPTION
Number of Pages 58 ; .
700 1# - ADDED ENTRY--PERSONAL NAME
Personal name Maliti, S .
942 ## - ADDED ENTRY ELEMENTS (KOHA)
Koha item type Books
Holdings
Withdrawn status Lost status Damaged status Home library Current library Date acquired Full call number Accession Number Koha item type
      KAUAET KAUAET 07/04/2012 636.0855 14692 Books
free website counter